LEADER 00830nam0-22002891i-450- 001 990007509950403321 005 20070112122958.0 035 $a000750995 035 $aFED01000750995 035 $a(Aleph)000750995FED01 035 $a000750995 100 $a20030814d1950----km-y0itay50------ba 101 0 $aita 102 $aIT 200 1 $aFirenze e dintorni$fE. Allodoli, A. Jahn Rusconi 210 $aRoma$cLibr. dello Stato$d1950 215 $a236 p.$cill.$d22 cm+ 1 c. geogr. ripieg. 610 0 $aFirenze$aGuide 700 1$aAllodoli,$bEttore$f<1882-1960>$0162751 702 1$aJahn Rusconi,$bArturo$f<1879-1950> 801 0$aIT$bUNINA$gRICA$2UNIMARC 901 $aBK 912 $a990007509950403321 952 $aD-02C-004$bIst. 4707$fILFGE 959 $aILFGE 996 $aFirenze e dintorni$9683450 997 $aUNINA LEADER 01035nam2-2200337---450- 001 990003282120203316 005 20090626110339.0 035 $a000328212 035 $aUSA01000328212 035 $a(ALEPH)000328212USA01 035 $a000328212 100 $a20090626d1981----km-y0itay50------ba 101 $aeng 102 $aGB 105 $a||||||||001yy 200 1 $aStereochemistry$fO. Bertrand Ramsay 210 $aLondon [etc.]$cHeyden$dcopyr. 1981 215 $aXV, 256 p.$cill. graf.$d21 cm 225 2 $aNobel prize topics in chemistry$eA series of historical monographs on fundamentals of chemistry$v2 410 0$1001000328208$12001$aNobel prize topics in chemistry$v2 606 0 $aStereochimica 676 $a541.223 700 1$aRAMSAY,$bO. Bertrand$0605115 801 0$aIT$bsalbc$gISBD 912 $a990003282120203316 951 $a540 NPT (2)$b5033/CBS$c540$d00224553 959 $aBK 969 $aSCI 979 $aRSIAV6$b90$c20090626$lUSA01$h1103 996 $aStereochemistry$91117768 997 $aUNISA